| 000 | 00477cam a2200181ua 4500 | ||
|---|---|---|---|
| 020 | _c16.50 | ||
| 041 |
_aeng _h |
||
| 082 |
_a539.2 _bJOR/EL |
||
| 100 | _aJordhan, Edward C . | ||
| 245 |
_aElectromagnetic waves and radiating systems / _cC Edward Jordhan. _hTextual Documents |
||
| 250 |
_a1 / _b. |
||
| 260 |
_aNew Delhi : _bPrentice Hall of India Pvt Ltd. , _c1967. |
||
| 300 | _a710 ; . | ||
| 365 | _a16.50 | ||
| 504 | _a | ||
| 942 | _cBK | ||
| 999 |
_c9113 _d9113 |
||